000 00905cam a2200301ua 4500
001 4427961
003 ARRUPE
005 20150121180901.0
008 720327s1971 ne b 001 0 eng u
020 _a9024750938
035 _a(OCoLC)270954
035 _a(OCoLC)ocm00270954
035 _a(NNC)4427961
040 _cOAU
_dm.c.
_dNNUT
_dCStRLIN
050 _aBF204.5
_b.Z3 1971
090 _aBF204.5
_b.Z3 1971
100 1 _aZaner, Richard M.
_914567
245 1 4 _aThe problem of embodiment :
_bsome contributions to a phenomenology of the body /
_cRichard M. Zaner.
250 _a2nd ed.
260 _aHague :
_bMartinus Nijhoff,
_c1971.
300 _axii, 294 p. ;
_c25 cm.
490 1 _aPhaenomenologica ;
_v17
650 0 _aPhenomenological psychology.
_914568
650 0 _aMind and body.
_914387
830 0 _aPhaenomenologica ;
_v17.
_914569
942 _2lcc
_cMONOGRAPH
999 _c121877
_d121877